000 00648cam a2200169 i 4500
005 20251207114323.0
008 250721s2005 jo gr 000 0 ara d
082 1 4 _a214.5
_bب ن ك
100 1 _aالبنكاني، أبي أنس ماجد
_eمؤلف
245 1 0 _aتحذير الخلان من فتنة آخر الزمان :
_bالمسيح الدجال /
_cتاليف ابي انس ماجد البنكاني.
264 3 1 _aعمان :
_bدار النفائس للنشر و التوزيع،
_c2005.
300 _a166 صفحه.
650 1 7 _aالحياه الآخره.
650 1 7 _aالمسيح.
942 _2ddc
_cBK
999 _c91230
_d91230